Drawing essentials : (Record no. 25656)
[ view plain ]
| 000 -LEADER | |
|---|---|
| fixed length control field | 01435cam a22003014a 4500 |
| 001 - CONTROL NUMBER | |
| control field | 14977138 |
| 005 - DATE AND TIME OF LATEST TRANSACTION | |
| control field | 20170201092736.0 |
| 008 - FIXED-LENGTH DATA ELEMENTS--GENERAL INFORMATION | |
| fixed length control field | 070823s2009 nyua b 001 0 eng |
| 010 ## - LIBRARY OF CONGRESS CONTROL NUMBER | |
| LC control number | 2007035097 |
| 020 ## - INTERNATIONAL STANDARD BOOK NUMBER | |
| International Standard Book Number | 9780195314328 (pbk.) |
| 020 ## - INTERNATIONAL STANDARD BOOK NUMBER | |
| International Standard Book Number | 0195314328 (pbk.) |
| 035 ## - SYSTEM CONTROL NUMBER | |
| System control number | (OCoLC)ocn167507472 |
| 035 ## - SYSTEM CONTROL NUMBER | |
| System control number | (OCoLC)167507472 |
| Canceled/invalid control number | (OCoLC)182738542 |
| 040 ## - CATALOGING SOURCE | |
| Original cataloging agency | DLC |
| Transcribing agency | DLC |
| Modifying agency | C#P |
| -- | YDXCP |
| -- | BWX |
| -- | BTCTA |
| -- | BAKER |
| -- | DLC |
| 050 00 - LIBRARY OF CONGRESS CALL NUMBER | |
| Classification number | NC735 |
| Item number | .R624 2009 |
| 100 1# - MAIN ENTRY--PERSONAL NAME | |
| Personal name | Rockman, Deborah A., |
| Dates associated with a name | 1954- |
| 245 10 - TITLE STATEMENT | |
| Title | Drawing essentials : |
| Remainder of title | a guide to drawing from observation / |
| Statement of responsibility, etc. | Deborah Rockman. |
| 260 ## - PUBLICATION, DISTRIBUTION, ETC. (IMPRINT) | |
| Place of publication, distribution, etc. | New York : |
| Name of publisher, distributor, etc. | Oxford University Press, |
| Date of publication, distribution, etc. | c2009. |
| 300 ## - PHYSICAL DESCRIPTION | |
| Extent | xv, 298 p. : |
| Other physical details | ill. ; |
| Dimensions | 28 cm. |
| 504 ## - BIBLIOGRAPHY, ETC. NOTE | |
| Bibliography, etc | Includes bibliographical references (p. 287-288) and index. |
| 650 #0 - SUBJECT ADDED ENTRY--TOPICAL TERM | |
| Topical term or geographic name as entry element | Drawing |
| General subdivision | Technique. |
| 856 41 - ELECTRONIC LOCATION AND ACCESS | |
| Materials specified | Table of contents |
| Uniform Resource Identifier | <a href="http://www.loc.gov/catdir/toc/fy0804/2007035097.html">http://www.loc.gov/catdir/toc/fy0804/2007035097.html</a> |
| 942 ## - ADDED ENTRY ELEMENTS (KOHA) | |
| Source of classification or shelving scheme | |
| Koha item type | Hard Covered Materials |
| Classification part | NC735 .R624 2009 |
| Withdrawn status | Lost status | Source of classification or shelving scheme | Damaged status | Not for loan | Home library | Current library | Shelving location | Date acquired | Source of acquisition | Total Checkouts | Full call number | Barcode | Date last seen | Price effective from | Koha item type |
|---|---|---|---|---|---|---|---|---|---|---|---|---|---|---|---|
| MACHAKOS UNIVERSITY LIBRARY | MACHAKOS UNIVERSITY LIBRARY | Technical section | 01/02/2017 | Donation(BFA) | NC735 .R624 2009 | 33493 | 26/07/2018 | 01/02/2017 | Hard Covered Materials |